Statistics for Southeast Asia capitals

Click here to take the quiz!

General Stats

  • This quiz has been taken 783 times
  • The average score is 4 of 10

Answer Stats

HintAnswer% Correct
PhilippinesManila
89%
VietnamHanoi
73%
SingaporeSingapore
71%
IndonesiaJakarta
44%
ThailandBangkok
27%
BruneiBandar Seri Begawan
26%
CambodiaPhnom Penh
23%
LaosVientiane
17%
East TimorDili
12%
BurmaNaypyidaw
6%

Score Distribution

Percentile by Number Answered

Percent of People with Each Score

Your Score History

You have not taken this quiz